000 01240nam a2200241Ia 4500
003 Ost
005 20260507075407.0
008 260507s9999||||xx |||||||||||||| ||und||
020 _a3350315977
040 _cfsecg
041 _aara
082 _a330
100 _aالصيرفي، محمد
_eمؤلف
245 0 _aالإستراتيجيات التسويقية للموانئ وشركات النقل البحري /
_c محمد الصيرفي
260 _aالإسكندرية:
_bمكتبة الوفاء القانونية,
_c2009
300 _a347 صفحة؛
_bإيضاحات ؛
_c24 سم
504 _aالمراجع ص.346
520 _aيضم التعريف بالميناء، وظائف تؤدى على السفينة، مسؤوليات المستويات الإدارية بجهاز الميناء، الموانئ البحرية، الإستراتيجيات الإدارية، تحديد مهمة الشركة، المراجعة التسويقية ، تحديد السيناريو السوقي ، تخطيط المحفظة الإستراتيجية للسوق ، مصطلحات بحرية
653 _aالتجارة البحرية
653 _aالموانئ
653 _aالنقل البحري
942 _cكتاب
999 _c44321
_d44321